000 00462nam a2200181Ia 4500
005 20250508151558.0
008 008 250505s9999 xx 000 0 eng d
037 _aBooks to be hide in OPAC
040 _aFEDL
_beng
_cFEDL
041 _aeng
_2eng
084 _a758.3, TAY
_qFEDL
100 _aTaylor Basil
245 0 _aAnimal painting in England
260 _c1955
300 _a70p.
942 _cHB
_h758.3, TAY
999 _c1330744
_d1330744